Gyros, clocks, interferometers... (Record no. 15767)

MARC details
000 -LEADER
fixed length control field 00856nam a2200241Ia 4500
003 - CONTROL NUMBER IDENTIFIER
control field IN-BaIIA
008 - FIXED-LENGTH DATA ELEMENTS--GENERAL INFORMATION
fixed length control field 211028s9999 xx 000 0 eng d
020 ## - INTERNATIONAL STANDARD BOOK NUMBER
International Standard Book Number 3-540-41236-0
040 ## - CATALOGING SOURCE
Transcribing agency IIA Library
080 ## - UNIVERSAL DECIMAL CLASSIFICATION NUMBER
Universal Decimal Classification number 530.12
Item number GYR
245 #0 - TITLE STATEMENT
Title Gyros, clocks, interferometers...
Remainder of title testing relativistic gravity in space
Statement of responsibility, etc. edited by C. Lammerzahl, C. W. F. Everitt and F. W. Hehl
260 ## - PUBLICATION, DISTRIBUTION, ETC.
Place of publication, distribution, etc. Berlin
Name of publisher, distributor, etc. Springer-Verlag
Date of publication, distribution, etc. 2001
300 ## - PHYSICAL DESCRIPTION
Extent xv, 507p.
490 ## - SERIES STATEMENT
Series statement Lecture notes in physics; v. 562
650 ## - SUBJECT ADDED ENTRY--TOPICAL TERM
Topical term or geographic name entry element Astrophysics
9 (RLIN) 794
650 ## - SUBJECT ADDED ENTRY--TOPICAL TERM
Topical term or geographic name entry element General relativity
9 (RLIN) 3824
650 ## - SUBJECT ADDED ENTRY--TOPICAL TERM
Topical term or geographic name entry element Gravitational waves
9 (RLIN) 3825
650 ## - SUBJECT ADDED ENTRY--TOPICAL TERM
Topical term or geographic name entry element Gravity measurement
9 (RLIN) 29072
650 ## - SUBJECT ADDED ENTRY--TOPICAL TERM
Topical term or geographic name entry element Research in reduced gravity environments
9 (RLIN) 29073
700 ## - ADDED ENTRY--PERSONAL NAME
Personal name Everitt, C. W. F., ed.
9 (RLIN) 18612
700 ## - ADDED ENTRY--PERSONAL NAME
Personal name Hehl, F. W., ed.
9 (RLIN) 29074
942 ## - ADDED ENTRY ELEMENTS (KOHA)
Koha item type Books
Holdings
Withdrawn status Lost status Damaged status Not for loan Home library Current library Shelving location Date acquired Source of acquisition Cost, normal purchase price Total Checkouts Full call number Barcode Date last seen Cost, replacement price Price effective from Koha item type Purchase Price
        IIA Library-Bangalore IIA Library-Bangalore General Stacks 27/11/2004 ANJ 2969.50   530.12/ GYR 16689 05/11/2021 2969.50 27/11/2004 Books Rs. 2969.50

Powered by Koha